| 000 | 00785nam a2200205 i 4500 | ||
|---|---|---|---|
| 001 | 28083 | ||
| 003 | ES-MaACL | ||
| 005 | 20240228210414.0 | ||
| 007 | t| | ||
| 008 | 030116s1973 sp a |||| | spa d | ||
| 100 | 1 |
_aBacon, John Francis. _9154862 |
|
| 245 | 1 | 0 |
_aHistoria de la revolución de las Provincias Vascongadas y Navarra _b: desde 1833 a 1837, con una reseña política y religiosa de España / _cFrancisco Bacon ; [adaptación Mertxe Muguruza]. |
| 260 |
_aSan Sebastián : _bTxertoa, _c[1973] |
||
| 300 |
_a173 p. : _bil. ; _c20 cm. |
||
| 651 | 4 |
_aEspaña- _xHistoria- _y1833-1840, Guerra carlista _98250 |
|
| 651 | 4 |
_aBilbao- _xHistoria- _y1835-1836, Sitio. _9169521 |
|
| 700 | 1 |
_aMuguruza, Mertxe. _984079 |
|
| 852 |
_aES-MaACL _jC-55685 |
||
| 999 |
_c28083 _d28083 |
||